| 000 | 02900pam a2200733 cc4500 | ||
|---|---|---|---|
| 001 | 1170904769 | ||
| 003 | DE-101 | ||
| 005 | 20260212132605.0 | ||
| 007 | tu | ||
| 008 | 181108s2019 gw ||||| |||| 00||||ger | ||
| 015 |
_a19,A34 _z18,N46 _2dnb |
||
| 016 | 7 |
_2DE-101 _a1170904769 |
|
| 020 |
_a9783770457861 _cBroschur : EUR 7.50 (DE), EUR 7.80 (AT), CHF 10.90 (freier Preis) |
||
| 020 | _a3770457862 | ||
| 024 | 3 | _a9783770457861 | |
| 028 | 5 | 2 | _aBestellnummer: 375/45786 |
| 035 | _a(DE-599)DNB1170904769 | ||
| 035 | _a(OCoLC)1065726568 | ||
| 040 |
_a1145 _bger _cDE-101 _d1247 _erda |
||
| 041 |
_ager _hjpn |
||
| 044 | _cXA-DE | ||
| 082 | 7 | 4 |
_a741.5 _qDE-101 _223sdnb |
| 100 | 1 |
_0(DE-588)1190600102 _0https://d-nb.info/gnd/1190600102 _0(DE-101)1190600102 _aNakamura, Junʼya _eKünstler _4art _2gnd |
|
| 245 | 1 | 0 |
_aYour name - another side: earthbound _n1 / aus dem Japanischen von Claudia Peter _cManga: Jyunya Nakamura ; Originalwerk: Arata Kanoh ; Originalentwurf: Makoto Shinkai |
| 250 | _aDeutschsprachige Ausgabe, 1. Auflage | ||
| 264 | 3 | 1 |
_aBerlin _bEgmont Manga _c2019 |
| 300 |
_a161 Seiten _c18 cm |
||
| 336 |
_aunbewegtes Bild _bsti _2rdacontent |
||
| 336 |
_aText _btxt _2rdacontent |
||
| 337 |
_aohne Hilfsmittel zu benutzen _bn _2rdamedia |
||
| 338 |
_aBand _bnc _2rdacarrier |
||
| 653 | _a(Produktform)Paperback / softback | ||
| 653 | _a(Produktform (spezifisch))Unflipped manga format | ||
| 653 | _aMakoto Shinkai | ||
| 653 | _aJapan | ||
| 653 | _aSchrein | ||
| 653 | _aLiebe | ||
| 653 | _aLand | ||
| 653 | _aProvinz | ||
| 653 | _aGroßstadt | ||
| 653 | _aTokyo | ||
| 653 | _aMeteorit | ||
| 653 | _aKomet | ||
| 653 | _aZeitreise | ||
| 653 | _aWelterfolg | ||
| 653 | _aGhibli | ||
| 653 | _aKimi no na wa | ||
| 653 | _aKinofilm | ||
| 653 | _aManga | ||
| 653 | _aAnime | ||
| 653 | _a(Produktgruppe)00004: Egmont Manga | ||
| 653 | _a(DDB-Sachgruppen)08: Comics, Cartoons, Karikaturen | ||
| 653 | _a(VLB-WN)2182: Taschenbuch / Belletristik/Comic, Cartoon, Humor, Satire/Manga, Manhwa | ||
| 655 | 7 |
_0(DE-588)4010427-8 _0https://d-nb.info/gnd/4010427-8 _0(DE-101)040104273 _aComic _2gnd-content |
|
| 700 | 1 |
_81\p _0(DE-588)1325267120 _0https://d-nb.info/gnd/1325267120 _0(DE-101)1325267120 _aPeter, Claudia _d1941- _eÜbersetzer _4trl _2gnd |
|
| 710 | 2 |
_82\p _0(DE-588)1065555091 _0https://d-nb.info/gnd/1065555091 _0(DE-101)1065555091 _aEMA - Egmont Manga und Anime _eVerlag _4pbl _2gnd |
|
| 773 | 0 | 8 |
_q11 _w(DE-101)1190600455 |
| 776 | 0 | 8 |
_iErscheint auch als _nOnline-Ausgabe _z9783770457878 |
| 856 | 4 | 2 |
_mX:MVB _qtext/html _uhttp://deposit.dnb.de/cgi-bin/dokserv?id=6606e5805c1e479aa2c50c1f7f61fa0c&prov=M&dok_var=1&dok_ext=htm _3Inhaltstext |
| 883 | 2 |
_81\p _adnb _d20240404 _qDE-101 _uhttps://d-nb.info/provenance/plan#dnb |
|
| 883 | 1 |
_82\p _aadb _d20211003 _qDE-101 _uhttps://d-nb.info/provenance/plan#adb |
|
| 942 |
_2ddc _cMGA _n0 |
||
| 999 |
_c1497 _d1497 |
||